| 000 | 00616nam a2200169 i 4500 | ||
|---|---|---|---|
| 001 | 46884 | ||
| 003 | ES-MaACL | ||
| 005 | 20230906161450.0 | ||
| 007 | t| | ||
| 008 | 030401s1959 sp ||||1| spa d | ||
| 110 | 2 |
_aOrganización Sindical Española. _96077 |
|
| 245 | 1 | 0 |
_aCampo : _brecomendaciones formuladas por la Comisión de Estudio / Consejo Social de la Organización Sindical Española. |
| 260 |
_aMadrid : _bConsejo Social de la Organización Sindical Española, _c1959. |
||
| 300 |
_a4 v. ; _c28 cm. |
||
| 650 | 4 |
_aTrabajadores agrícolas- _xSindicatos- _zEspaña. _9164511 |
|
| 852 |
_aES-MaACL _jC-19419-22 |
||
| 999 |
_c46884 _d46884 |
||